Uttar Pradesh A Comprehensive Study (Record no. 183245)

MARC details
000 -LEADER
fixed length control field 00675 a2200181 4500
005 - DATE AND TIME OF LATEST TRANSACTION
control field 20211221145052.0
010 ## - LCCN (DPL NO)
LC control number ENG-130455
020 ## - INTERNATIONAL STANDARD BOOK NUMBER
International Standard Book Number 978-93-90727-95-7
Terms of availability 300.00
035 ## - SYSTEM CONTROL NUMBER
System control number EN-113987
037 ## - SOURCE OF ACQUISITION
Source of stock number/acquisition DBAD/PUB
082 ## - DEWEY DECIMAL CLASSIFICATION NUMBER
Classification number 000
Item number 1
100 ## - MAIN ENTRY--PERSONAL NAME
Personal name Saraswat, Rakesh
245 ## - TITLE STATEMENT
Title Uttar Pradesh A Comprehensive Study
Statement of responsibility, etc Rakesh Saraswat
Remainder of title For Uttar Pradesh Public Service Commission Main and Prelilminary Examinations
260 ## - PUBLICATION, DISTRIBUTION, ETC. (IMPRINT)
Place of publication, distribution, etc Tamill Nadu
Name of publisher, distributor, etc McGraw Hill Education Private Limited
Date of publication, distribution, etc 2021
270 ## - ADDRESS
Address 444/1, Sri Ekambara Naicker Industrial Estate, Alapakkam, Porur
City Chennai
Postal code 600116
300 ## - PHYSICAL DESCRIPTION
Extent 794p.
Dimensions 24cm (pbk)
942 ## - ADDED ENTRY ELEMENTS (KOHA)
Institution code [OBSOLETE] dpl
Item type English Books
Source of classification or shelving scheme Dewey Decimal Classification
Classification part 000
Call number suffix SAR
Holdings
Withdrawn status Lost status Not for loan Collection code Home library Current library Date acquired Source of acquisition Cost, normal purchase price Full call number Barcode Copy number Cost, replacement price Koha item type
      Non-fiction Central Library Central Library 21/12/2021 DBAD/PUB 300.00 000 SAR EN-113987 1 300.00 English Books

© Delhi Public Library
Hit Counter
free hit counter